Marketing principle and practice / (Record no. 20423)

MARC details
000 -LEADER
fixed length control field 00568nam a22002171a 4500
003 - CONTROL NUMBER IDENTIFIER
control field OSt
008 - FIXED-LENGTH DATA ELEMENTS--GENERAL INFORMATION
fixed length control field 220501s1993 xx 000 0 eng d
020 ## - INTERNATIONAL STANDARD BOOK NUMBER
International Standard Book Number 9780273607342
082 ## - DEWEY DECIMAL CLASSIFICATION NUMBER
Classification number 658.8
Item number ADC-M
100 ## - MAIN ENTRY--PERSONAL NAME
Personal name ADCOCK, DENNIS
245 ## - TITLE STATEMENT
Title Marketing principle and practice /
Statement of responsibility, etc Dennis Adcock,,,[et al.]
250 ## - EDITION STATEMENT
Edition statement 2nd
260 ## - PUBLICATION, DISTRIBUTION, ETC. (IMPRINT)
Name of publisher, distributor, etc Pitman Publishing ,
Date of publication, distribution, etc 1993.
Place of publication, distribution, etc London :
300 ## - PHYSICAL DESCRIPTION
Extent / Pages 611 p. ;
650 ## - SUBJECT ADDED ENTRY--TOPICAL TERM
Topical term or geographic name as entry element Marketing
650 ## - SUBJECT ADDED ENTRY--TOPICAL TERM
Topical term or geographic name as entry element Marketing - Management
700 ## - ADDED ENTRY--PERSONAL NAME
Personal name Bradfield, Ray
700 ## - ADDED ENTRY--PERSONAL NAME
Personal name Halborg, Al
700 ## - ADDED ENTRY--PERSONAL NAME
Personal name Ross, Caroline
942 ## - ADDED ENTRY ELEMENTS (KOHA)
Source of classification or shelving scheme
Koha item type Books
Holdings
Withdrawn status Lost status Source of classification or shelving scheme Damaged status Not for loan Home library Current library Date acquired Total Checkouts Full call number Barcode Date last seen Copy number Bill Date Koha item type
          SOBD Library SOBD Library 26/03/2024   658.8 ADC-M1 SD2127 27/03/2025 1 26/03/2024 Books
Hosted, Implemented, Customized & Maintained by: BestBookBuddies

Powered by Koha